Rondo c. 1906 for string quartet

Saved in:
Bibliografiske detaljer
Hovedforfatter: Webern, Anton (Author)
Format: Bog
Sprog:tysk
Udgivet: Nueva York Carl Fischer 1970
Fag:
Tags: Tilføj Tag
Ingen Tags, Vær først til at tagge denne postø!

MARC

LEADER 00000nam a2200000 a 4500
001 UCP7036
003 CL-VaPUC
008 991126e19700000US |||||||||||||||||ger|d
082 0 4 |a Cu785.14  |b WEB  |2 21 
100 0 |a Webern, Anton  |e author  |9 327633 
245 1 0 |a Rondo c. 1906 for string quartet 
300 |a p. irreg 
942 |c BK 
945 |d 19991126 00:00:00  |a rbrito 
260 |a Nueva York  |b Carl Fischer  |c 1970 
650 0 |a Música para violín  |9 357613 
650 0 |a Música para violoncello  |9 337408 
650 0 |a Música para viola  |9 357612 
650 0 |a Partituras  |9 324008 
583 |a last modification  |c 19991126 00:00:00  |k Rodrigo Vera 
999 |c 284398  |d 284396 
952 |0 0  |1 0  |4 0  |6 CU_785_140000000000000_WEB_1970  |7 0  |8 F  |9 328396  |a BIBEDU  |b BIBEDU  |d 2019-11-20  |i 3584178  |o Cu785.14 WEB 1970  |p 3584178  |r 2023-11-22  |w 2019-11-20  |y BK_F  |k MUS